00390nam a2200157Ia 45000010006000000050017000060080041000230410008000640820022000721000033000942450073001272600009002003000007002096500008002166540008002241425120260306164900.0260306t2012||||xx |||||||||||||| ||spa|| aESP a510.076bE88 2012 aEspinoza Ramos, EduardoeAUT 0aMatemática básica:bpara estudiantes de ciencias e ingenierías c2012 ac aGEN aCMA